Từ điển Việt - Hoa - Pháp

Gorde:
Xehetasun bibliografikoak
Egile nagusia: Gustave Hue
Formatua: Liburua
Hizkuntza:Undetermined
Argitaratua: Sài Gòn Khai Trí 1971
Gaiak:
Etiketak: Etiketa erantsi
Etiketarik gabe, Izan zaitez lehena erregistro honi etiketa jartzen!
Thư viện lưu trữ: Trung tâm Học liệu Trường Đại học Cần Thơ
LEADER 00557nam a2200181Ia 4500
001 CTU_26103
008 210402s9999 xx 000 0 und d
082 |a 443 
082 |b H507 
100 |a Gustave Hue 
245 0 |a Từ điển Việt - Hoa - Pháp 
245 0 |c Gustave Hue 
260 |a Sài Gòn 
260 |b Khai Trí 
260 |c 1971 
650 |a chinese language - dictionaries,french language - dictionaries,vietnamese language - dictionaries 
904 |i Minh, 981008 
980 |a Trung tâm Học liệu Trường Đại học Cần Thơ